Responses for Show #5384 - Thursday, January 24, 2008

Contestants

[<< previous game]

Kate Pedersen, a medical student from Springfield, Illinois

Murtaza Sutarwalla, an attorney originally from Houston, Texas

Amanda Freisem, a labor services representative from Brentwood, New York (whose 1-day cash winnings total $17,000)

[next game >>]

Jeopardy! Round responses

HOUSEHOLD NAMES
ROCK STARS SELL OUT
THE GOD SQUAD
WHO CREATED THEM?
IT'S GREEK FOOD & DRINK TO ME
HAVE SOME "FUN"
    $200 3
Shout

Murtaza
    $200 1
Paul McCartney

Amanda
    $200 5
the Egyptians

Amanda
    $200 16
(Alex: You're right. Jane Eyre.)

Charlotte Bronte

Amanda
    $200 9
a gyro

Kate
    $200 7
defunct

Amanda
    $400 4
Advil

Murtaza
    $400 2
(Amanda: Who is Eric Clapton?)

Bob Dylan

AmandaMurtaza
    $400 21
Thor

Kate
    $400 17
F. Scott Fitzgerald

Kate
    $400 10
ouzo

Murtaza
    $400 8
funk

Murtaza
    $600 24
Zest

Murtaza
    $600 6
(Amanda: Who are The Rolling Stones?)
(Murtaza: Who are The Beatles?)

Led Zeppelin

MurtazaKate
Triple Stumper
    $600 22
the sun

Murtaza
    $600 11
(Alex: ...in Great Expectations, yes.)

Charles Dickens

Murtaza
    $600 14
meatballs

Amanda
    $600 15
funnel

Amanda
    $2,000 25
the Cuisinart

Murtaza
    $800 26
(Amanda: What is Pepsi Clear?)
...
(Alex: Crystal [*], yes. Not Crystal [*] Clear.)

Pepsi

AmandaMurtaza
    $800 13
(Kate: What is a goose?)
(Murtaza: What is a human?)
...
(Alex: Turned it into a [*]. A [**]. But it still laid eggs. Neat trick.)

a hare (or rabbit)

MurtazaKate
Triple Stumper
    $800 12
(Alex: And that was [*] in The Fountainhead.)

Ayn Rand

Triple Stumper
    $800 27
retsina

Triple Stumper
    $800 19
fundamental

Amanda
    $1000 29
Swiffer

Murtaza
    $1000 30
(Murtaza: What is Stone Temple Pilots?)
...
(Alex: Yes, and with that you go back on the plus side with $600.)

The Violent Femmes

MurtazaKate
    $1000 23
Mars

Kate
    $1000 18
Ernest Hemingway

Amanda
    $1000 28
eggplant

Amanda
    $1000 20
(Kate: What is basso fundo?)
...
(Alex: Kate, you were on the right track, but you left out a syllable. You said basso fundo, instead of basso [*]. Profound.)

profundo

Kate
Triple Stumper

Scores at the first commercial break (after clue 15):

Amanda Murtaza Kate
$1,400 $1,000 -$1,200

Scores at the end of the Jeopardy! Round:

Amanda Murtaza Kate
$3,600 $5,000 $600

Double Jeopardy! Round responses

HOUSEHOLD NAMES
COUNTRIES' HIGHEST POINTS
WOODWORKING
LEADERS OF WORLD WAR II
OPUS DAY
DOUBLE "S"
    $400 7
Ben Affleck and Matt Damon

Kate
    $400 6
Australia

Amanda
    $400 26
(Murtaza: What is a vise?)

Workmate

Murtaza
Triple Stumper
    $400 1
Douglas MacArthur

Murtaza
    $400 21
Fifth Symphony

Amanda
    $400 16
vessel

Amanda
    $800 12
Ginger Rogers

Amanda
    $800 8
(Amanda: What is Chile?)

Spain

AmandaMurtaza
    $800 27
grain

Amanda
    $800 2
Dunkirk

Murtaza
    $800 22
Symphony from the New World

Kate
    $800 17
fission

Amanda
    $1200 13
Meg Ryan & Tom Hanks

Amanda
    $1200 9
Tanzania

Kate
    $1200 28
miter saw

Amanda
    $1200 3
Joseph Goebbels

Murtaza
    $1200 23
Frederic Chopin

Triple Stumper
    $1200 18
dossier

Amanda
    $1600 14
Hank Aaron

Murtaza
    $2,200 10
(Kate: What is Vietnam?)
(Alex: Ohhh, you're in the right part of the world, but it's [*]! [*], that was your second thought, wasn't it?)
(Kate: Yes.)
(Alex: Start building again, go.)

Cambodia

Kate
    $1600 29
(Amanda: What is a T-square?)
[Initially accepted as correct; reversed before Final Jeopardy!]

square

Amanda
Triple Stumper
    $1600 4
(Murtaza: What is the SS?)

Navy

Murtaza
Triple Stumper
    $1600 24
Franco-Prussian War

Triple Stumper
    $1600 19
Mossad

Murtaza
    $2000 15
Faith Hill & Tim McGraw

Amanda
    $2000 11
Belize

Triple Stumper
    $2000 30
tenon

Triple Stumper
    $1,200 5
Vyacheslav Molotov

Murtaza
    $2000 25
Sergei Rachmaninoff

Murtaza
    $2000 20
assassin

Amanda

Scores at the end of the Double Jeopardy! Round:

Amanda Murtaza Kate
$12,400 $12,600 $800

[wagering suggestions for these scores]

Final Jeopardy! Round responses

RICH & FAMOUS
(Alex: All right, before we go to our contestants, some of you at home have noticed that the scores, as indicated now, are different from what they were going in to our last commercial, and that is because one of the responses given by Amanda a little while ago--a T-square--she added that letter T, and that made her response wrong, so we deducted the points from her. So she's in second place, and we start off with Kate Pedersen, who had $800. She's smiling. She's a good sport.)
...
(Alex: [To Amanda] You put R-O-C-K-E-R, there is no "R" in John D.'s name, and so it's going to cost you how much?)
KateWho was Carnegie?
$700
AmandaWho was John Rockerfeller?
$12,400
MurtazaWho was Carnegie
$12,345
John Rockefeller

Final scores:

Amanda Murtaza Kate
$0 $255 $100
3rd place: $1,000 New champion: $255 2nd place: $2,000

Game dynamics:

Coryat scores:

Amanda Murtaza Kate
$12,400 $12,200 $3,000
20 R,
4 W
19 R
(including 2 DDs),
5 W
8 R,
4 W
(including 1 DD)

Combined Coryat: $27,600

[game clues] [game scores] [suggest correction]

Game tape date: 2007-10-25
The J! Archive is created by fans, for fans. Scraping, republication, monetization, and malicious use prohibited; this site may use cookies and collect identifying information. See terms. The Jeopardy! game show and all elements thereof, including but not limited to copyright and trademark thereto, are the property of Jeopardy Productions, Inc. and are protected under law. This website is not affiliated with, sponsored by, or operated by Jeopardy Productions, Inc. Join the discussion at JBoard.tv.